Príbehy Žikavy I

Bibliographic Details
Main Author: Cviklovič, Vladimír, 1980- (Author)
Format: Book
Language:Slovak
PhysicalDescription:148 strán faksimile, fotografie a ilustrácie (prevažne farebné), grafy, mapy, noty, portréty, tabuľky 25 cm
Published: Žikava Obec Žikava 2025
ISBN:9788057070788
Edition:Prvé vydanie
Subjects:

MARC

LEADER 00000cam a2200000 4500
001 vtls012285696
003 SK-MaSNL
005 20260301061355.0
008 251020s2025 xo hobcgrn 000 0 slo
015 |a SNBA2026/2 
020 |a 9788057070788  |q (brožované) 
040 |a SNK  |b slo  |c SNK  |e rda 
041 0 |a slo 
043 |a e-xo--- 
044 |a xo  |c SK 
072 7 |a 911  |x Všeobecná geografia. Systematická geografia  |2 konspekt 
072 7 |a 316.7  |x Sociológia kultúry. Kultúrny život  |2 konspekt 
080 |a 911.375(091)  |2 2011 
080 |a (082.2)  |2 2011 
080 |a (048.8)  |2 2011 
080 |a (437.6)  |2 2011 
080 |a (093.3)  |2 2011 
080 |a 316.72/.75-027.22  |2 2011 
100 1 |a Cviklovič, Vladimír,  |d 1980-  |4 aut  |4 bkd  |9 189313 
245 1 0 |a Príbehy Žikavy I  |c Vladimír Cviklovič 
246 1 |i Podnázov z tiráže:  |a Vybrané kapitoly z dejín obce Žikava 
250 |a Prvé vydanie 
264 1 |a Žikava  |b Obec Žikava  |c 2025 
300 |a 148 strán  |b faksimile, fotografie a ilustrácie (prevažne farebné), grafy, mapy, noty, portréty, tabuľky  |c 25 cm 
336 |a text  |b txt  |2 rdacontent 
337 |a bez média  |b n  |2 rdamedia 
338 |a zväzok  |b nc  |2 rdacarrier 
500 |a Obsahuje poznámky pod čiarou 
500 |a Obsahuje slovník používaný v obci v 20. storočí (a niekedy aj dnes) 
504 |a Obsahuje bibliografiu 
648 7 |a 16.-20. storočie  |2 SNKPH  |9 278933 
648 7 |a 20th century  |2 SNKPHeng  |9 277995 
648 7 |a 16th-20th centuries  |2 SNKPHeng  |9 310147 
650 0 7 |a dejiny obcí  |2 SNKPH  |9 164834 
650 0 7 |a History of municipalities  |2 SNKPHeng  |2 SNKPHeng  |9 302507 
650 0 7 |a kultúrny život  |2 SNKPH  |9 3182 
650 0 7 |a Cultural life  |2 SNKPHeng  |9 265153 
651 7 |a Žikava (Slovensko)  |2 SNKPH  |9 74392 
651 7 |a Žikava (Slovakia)  |2 SNKPHeng  |9 374285 
655 7 |a jubilejné publikácie  |2 SNKPH  |9 70339 
655 7 |a Jubilee books  |2 SNKPHeng  |9 281827 
655 7 |a monografie  |2 SNKPH  |9 70139 
655 7 |a Monographs  |2 SNKPHeng  |9 120675 
655 7 |a kroniky  |2 SNKPH  |9 70488 
655 7 |a Chronicles  |2 SNKPHeng  |9 324710 
852 |a Slovenská národná knižnica 
919 |a 978-80-570-7078-8 
954 |a odborná, vedecká literatúra pôvodná (slovenská)  |2 lita 
958 |a NB 
999 |c 617326  |d 619256 
952 |a SNK  |b SNK  |y PREZ  |7 0  |p 17A1583897  |o snkSC 213091  |i snk2026/1119  |8 0  |0 0  |1 0  |4 0  |d 2026-01-22  |l 0  |r 2026-02-23 16:43:18  |w 2026-02-23